Planning a better environment (Record no. 117072)

MARC details
000 -LEADER
fixed length control field 01262cam a2200241 4500
001 - CONTROL NUMBER
control field WB4009-11
008 - FIXED-LENGTH DATA ELEMENTS--GENERAL INFORMATION
fixed length control field 040303n2004 000 0 eng u
035 ## - SYSTEM CONTROL NUMBER
System control number (Sirsi) u125307
245 ## - TITLE STATEMENT
Title Planning a better environment
260 ## - PUBLICATION, DISTRIBUTION, ETC.
Date of publication, distribution, etc. 2004
490 ## - SERIES STATEMENT
Series statement ODPM News Release
Volume/sequential designation (2004/0048) 2 March 2004 (2)
520 ## - SUMMARY, ETC.
Summary, etc. Proposals for implementing the European Strategic Environmental Assessment (SEA) Directive (Directive 2001/42/EC) were released by government. The new provisions ensure that significant environmental effects are assessed at a much earlier stage in the process, during the preparation of a plan and before decisions on key issues such as alternative sites for development have been made. The consultation document on implementation of SEA Directive (2001/42/EC) is available on the ODPM website at http://www.planning.odpm.gov.uk. ODPM Press Release http://www.gnn.gov.uk/gnn/national.nsf/Daily+News/ E54573AC021F103280256E4B003F0243?opendocument.
590 ## - LOCAL NOTE (RLIN)
Local note WB
590 ## - LOCAL NOTE (RLIN)
Local note WB
650 ## - SUBJECT ADDED ENTRY--TOPICAL TERM
Topical term or geographic name entry element DIRECTIVE 2001/42/EC
650 ## - SUBJECT ADDED ENTRY--TOPICAL TERM
Topical term or geographic name entry element ENVIRONMENTAL ASSESSMENT
650 ## - SUBJECT ADDED ENTRY--TOPICAL TERM
Topical term or geographic name entry element PLANNING SYSTEM
650 ## - SUBJECT ADDED ENTRY--TOPICAL TERM
Topical term or geographic name entry element PLANNING AUTHORITIES
650 ## - SUBJECT ADDED ENTRY--TOPICAL TERM
Topical term or geographic name entry element CONSULTATION PAPERS
650 ## - SUBJECT ADDED ENTRY--TOPICAL TERM
Topical term or geographic name entry element SUSTAINABLE DEVELOPMENT
690 ## - LOCAL SUBJECT ADDED ENTRY--TOPICAL TERM (OCLC, RLIN)
Topical term or geographic name as entry element PLANNING
942 ## - ADDED ENTRY ELEMENTS (KOHA)
Suppress in OPAC 0
Holdings
Withdrawn status Lost status Source of classification or shelving scheme Damaged status Not for loan Home library Current library Shelving location Date acquired Total Checkouts Full call number Barcode Date last seen Copy number Price effective from Koha item type
    Dewey Decimal Classification     London London News article 03/03/2004   WB4009-11 125307-1001 06/08/2019 1 06/08/2019 News article